000 00593nam a22002057a 4500
005 20241203154456.0
008 241203b ||||| |||| 00| 0 eng d
020 _a9789391155209
040 _cAL
041 _aEnglish
082 _223
_a342
_bNAJC
100 _aIrfan Rasool Najar
_9187439
245 _aConstitutional Law I
260 _aBengaluru
_bChrist Academy Institute of Law(CAIL)
_c2024
300 _a411 p.
_bPB
_c23x15 cm.
365 _a1060
_b₹492.75
_c
_d₹675.00
_e27%
_f28-11-2024
650 _aLaw
_9187440
700 _aNAJAR (Irfan Rasool)
_9187441
942 _2ddc
_cBK
999 _c232038
_d232038